| Tag |
First Indicator |
Second Indicator |
Subfields |
| LEADER |
00000cgm a2200000Ia 4500 |
| 001 |
in00002328014 |
| 005 |
20151108041605.0 |
| 007 |
vd mvaizu |
| 008 |
021024p20021997mau060 vleng d |
| 020 |
|
|
|a 1893521419
|
| 020 |
|
|
|a 9781893521414
|
| 029 |
1 |
|
|a NZ1
|b 9435853
|
| 035 |
|
|
|a (OCoLC)ocm60127038
|
| 040 |
|
|
|a DUQ
|c DUQ
|d OCL
|d TXA
|d UtOrBLW
|
| 043 |
|
|
|a n-us---
|
| 049 |
|
|
|a TXAM
|
| 090 |
|
|
|a HM623
|b B455 2002
|
| 245 |
0 |
0 |
|a Bell Hooks :
|b cultural criticism & transformation /
|c Media Education Foundation ; produced & directed by Sut Jhally.
|
| 246 |
3 |
0 |
|a Cultural criticism & transformation.
|
| 246 |
3 |
|
|a Cultural criticism and transformation.
|
| 264 |
|
1 |
|a Northampton, MA :
|b Media Education Foundation,
|c [2002]
|
| 264 |
|
4 |
|c ©2002
|
| 300 |
|
|
|a 1 videodisc (60 min.) :
|b sound, color with black and white sequences ;
|c 4 3/4 in. +
|e 1 insert.
|
| 336 |
|
|
|a two-dimensional moving image
|b tdi
|2 rdacontent
|
| 337 |
|
|
|a video
|b v
|2 rdamedia
|
| 338 |
|
|
|a videodisc
|b vd
|2 rdacarrier
|
| 538 |
|
|
|a DVD.
|
| 511 |
0 |
|
|a Presenter, Bell Hooks.
|
| 508 |
|
|
|a Editors, Mary Patierno, Sut Jhally, Harriet Hirshorn ; music, Peter Gabriel.
|
| 500 |
|
|
|a "Shot at the studios of the University of Westminster, London"--Screen credits.
|
| 500 |
|
|
|a Originally presented in 1997 at the studios of the University of Westminster, London.
|
| 500 |
|
|
|a Full screen presentation.
|
| 520 |
|
|
|a Bell Hooks makes a compelling argument for the transformative powers of cultural criticism. She demonstrates how learning to think critically was central to her own self-transformation and how it can play a role in the students' quest for a sense of agency and identity. Includes footage from many films and music videos, and news coverage.
|
| 500 |
|
|
|a Videorecording.
|
| 650 |
|
0 |
|a Popular culture
|x Study and teaching.
|
| 650 |
|
0 |
|a African Americans in popular culture.
|
| 650 |
|
0 |
|a Sex in popular culture.
|
| 650 |
|
0 |
|a Mass media and culture
|z United States.
|
| 650 |
|
0 |
|a Popular culture
|z United States.
|
| 650 |
|
0 |
|a Critical thinking.
|
| 655 |
|
7 |
|a Educational films.
|2 lcgft
|
| 600 |
1 |
0 |
|a hooks, bell,
|d 1952-
|
| 700 |
1 |
|
|a Jhally, Sut.
|
| 700 |
1 |
|
|a hooks, bell,
|d 1952-
|
| 710 |
2 |
|
|a Media Education Foundation.
|
| 710 |
2 |
|
|a University of Westminster.
|
| 994 |
|
|
|a C0
|b TXA
|
| 948 |
|
|
|a cataloged
|b h
|c 2007/9/13
|d c
|e aklinger
|f 8:51:06 am
|
| 999 |
|
|
|a MARS
|
| 999 |
f |
f |
|s 7f3f504b-a74b-3f9e-b031-fc76db8beaa5
|i 719afb43-0e35-3301-9094-fe4d475eed68
|t 0
|
| 952 |
f |
f |
|p ric
|a Texas A&M University
|b Rellis Campus
|c Joint Library Facility
|d Remote Storage
|t 0
|e HM623 B455 2002
|h Library of Congress classification
|i video -- videodisc
|m A14836234244
|
| 998 |
f |
f |
|a HM623 B455 2002
|t 0
|l Remote Storage
|